| 000 | 01013nam a22002777a 4500 | ||
|---|---|---|---|
| 001 | BR6900676 | ||
| 003 | BR-BrBNA | ||
| 005 | 20230928083548.0 | ||
| 007 | ta | ||
| 008 | 230509b bl.||||| |||| 00| 0 por d | ||
| 040 |
_aBR-BrBNA _bpor _cBiblioteca Nacional de Agricultura |
||
| 041 | _a(Por) | ||
| 072 |
_aF00; D50 _b3575 _b/G514 _b/G430 |
||
| 090 | _ 3575 BR6900676 | ||
| 110 | 1 |
_aMississippi State University (USA); _97620 |
|
| 110 | 1 |
_aAgency for International Development, Brasilia, DF (Brasil); _939 |
|
| 110 | 1 |
_aMinisterio da Agricultura, Brasilia, DF (Brasil) _96753 |
|
| 245 | 1 |
_aRelatorio semi-anual 1 de abril - 1 de outubro de 1969 - AID/1a.-165-Brasil [Universidade Estadual de Mississippi, Agencia Norte-Americana para o Desenvolvimento Internacional, Ministerio da Agricultura] _bContrato UEM/USAID/MA |
|
| 260 | 3 |
_ano place: _c1969. |
|
| 300 | _a32 p. | ||
| 650 | _aPRODUCAO VEGETAL | ||
| 650 | _aLEGISLACAO | ||
| 650 | _aSEMENTE | ||
| 909 |
_a202309 _bLucia _c55 _dLucia Elande |
||
| 942 | _cBK | ||
| 999 |
_c14182 _d14182 |
||